| 000 | 00696nam a2200229Ia 4500 | ||
|---|---|---|---|
| 001 | Para_9847 | ||
| 008 | 220602s9999 xx 000 0 und d | ||
| 020 | _a978 - 0 - 470 - 66476 - 6 | ||
| 082 | _aPA 531.523 A27 | ||
| 100 |
_aAcquaah, George _9185065 |
||
| 245 | _aPrinciples of Plant Genetics and Breeding / George Acquaah | ||
| 250 | _a2 | ||
| 260 | _aChichester : Wiley-Blackwell | ||
| 300 | _a740 p. | ||
| 500 | _aincluye referencias bibliográficas e índice | ||
| 650 |
_aGenetica vegetal \ Plantas - mejoramiento Ì _9185066 |
||
| 901 | _aPA 531.523 A27 | ||
| 902 | _aM | ||
| 905 | _a5232202012 an 8000000300 06 | ||
| 942 | _c1 | ||
| 999 |
_c217238 _d217238 |
||